Educação arte e cidadania (Registo nº 30108)

Detalhes MARC
000 -Etiqueta do registo
campo de controlo de comprimento fixo 007270000a22002290004500
001 - Identificador do registo
Campo de controlo 30108
010 ## - ISBN
Número (ISBN) 989-957-650-6
100 ## - Dados Gerais de Proc.
Dados gerais de processamento 20090428d2008 m y0pory5003 ba
101 0# - Língua da publicação
Língua do texto, banda sonora, etc. Português
102 ## - País de Publicação
País de publicação Portugal
200 1# - Título
Título próprio Educação arte e cidadania
Primeira menção de responsabilidade Álvaro Laborinho Lúcio
210 ## - Publicação, Distribuição
Lugar da edição, distribuição, etc. [Lisboa]
Nome do editor, distribuidor, etc. Temas & Lemas
Data da publicação, distribuição, etc. [2008]
215 ## - Descrição física
Descrição física 76, [3] p
300 ## - Notas gerais
Texto da nota A página de rosto foi retirada pelo próprio autor
327 0# - Nota de conteúdo
Texto da nota Contém nota biográfica p. 76-77.
675 ## - CDU
Notação 37.017(042)
Edição BN
Língua da edição Português
675 ## - CDU
Notação 37.03(042)
Edição BN
Língua da edição Português
675 ## - CDU
Notação 342.7(042)
Edição BN
Língua da edição Português
700 #1 - Responsabilidade principal
Koha Internal Code 28730
Palavra de ordem Lúcio
Outra parte do nome Laborinho
Datas 1941-2025
090 ## - Números de controlo do sistema (Koha)
Número biblioitem do Koha (gerado automaticamente) 30108
942 ## - Elementos de entrada adicionados (Koha)
Tipo de item no Koha Monografias
Suprimido Disponível no OPAC
999 ## - Campo local
Campo local 30108
Exemplares
Removido (estado) Perdido (estado) Data de aquisição Origem do registo (biblioteca) (codificado) Código da organização que empresta ou é detentora (biblioteca) Código de barras Local Número de inventário Cota Tipo de circulação (não pode ser emprestado) Tipo de item e material
Disponível Disponível 2009-04-28 Biblioteca Municipal Álvaro de Campos Biblioteca Municipal Álvaro de Campos BMTAV48372 Sala de Adultos 48372 FA1 LUC Normal Monografias